|
|
|
|
| LEADER |
01095nam a22002417a 4500 |
| 001 |
35146 |
| 003 |
BD-DhAAL |
| 005 |
20190901103059.0 |
| 008 |
190829t2000 ii a|||| |||| 00| 0 eng d |
| 999 |
|
|
|c 41087
|d 41087
|
| 040 |
|
|
|a BD-DhAAL
|
| 082 |
|
|
|a 307.095486
|2 19
|
| 245 |
|
|
|a The Auroville universal township master plan (perspctive: 2025) /
|c Auroville foundation, Town & country organisation, Government of India
|
| 260 |
|
|
|a India :
|b Auroville Press,
|c 2002
|
| 300 |
|
|
|a 109 pages :
|b illustrations ;
|c 21 cm.
|
| 526 |
|
|
|a ARC
|
| 541 |
|
|
|a Complimentary Copy
|e 35146
|
| 650 |
|
|
|a Auroville (India)
|9 33745
|
| 650 |
|
|
|a Architecture
|z India
|x Auroville
|x History
|y 20th century.
|9 33746
|
| 650 |
|
|
|a Community development, Urban
|z India
|x Auroville
|x Planning.
|9 33747
|
| 710 |
|
|
|a Auroville foundation,
|b Town & country organisation,
|b Government of India.
|9 33748
|
| 942 |
|
|
|2 ddc
|c BK
|
| 952 |
|
|
|0 0
|1 0
|2 ddc
|4 0
|6 307_095486000000000_ARU
|7 0
|9 66111
|a BRACUL
|b BRACUL
|c GEN
|d 2019-08-29
|e Complimentary Copy
|l 0
|o 307.095486 ARU
|p 3010035146
|r 2019-08-29
|t 1
|w 2019-08-29
|y BK
|x Transferred from ARC to BRACUL on 28/12/2023
|